[Event "SVK-ch U16/20 Girls"]
[Site "Liptovsky Mikulas"]
[Date "2017.04.22"]
[Round "1"]
[White "Liscinska, Lucia"]
[Black "Kolevska, Lea Teodora"]
[Result "1-0"]
[WhiteElo "1720"]
[BlackElo "1207"]
[PlyCount "65"]
[EventDate "2017.04.22"]
[EventType "swiss"]
[EventRounds "9"]
[EventCountry "SVK"]
[SourceTitle "CBM 178 Extra"]
[Source "ChessBase"]
[SourceDate "2017.06.22"]
[SourceVersion "1"]
[SourceVersionDate "2017.06.22"]
[SourceQuality "1"]

1. e4 e5 2. Nf3 Nc6 3. Bc4 Nf6 4. 0-0 Bc5 5. d3 d5 6. exd5 Nxd5 7. Re1 f6 8. d4 Be7 9. dxe5 Nb6 10. Qxd8+ Kxd8 11. Bb5 Nxe5 12. Nxe5 fxe5 13. Rxe5 c6 14. Bd3 Bf6 15. Bg5 Nd7 16. Bxf6+ Nxf6 17. Nc3 Re8 18. Rxe8+ Kxe8 19. Re1+ Kf8 20. Ne4 Nxe4 21. Rxe4 Bd7 22. Rd4 Be6 23. Bxh7 Re8 24. f3 Bxa2 25. b3 Re2 26. Kf1 Re5 27. Ra4 Rh5 28. Bd3 Bb1 29. Ra1 Bxc2 30. Bxc2 a5 31. h3 Rc5 32. Bg6 Rb5 33. Re1 1-0